Most Famous Person From Every Country - Statistics

General Stats
  • This quiz has been taken 5,668 times
  • The average score is 65 of 196
Answer Stats
Picture Hint Answer % Correct
Vladimir Putin Russia
98%
Elizabeth II United Kingdom
98%
Napoleon Bonaparte France
96%
Dwayne Johnson United States
96%
Mahatma Gandhi India
93%
Justin Trudeau Canada
92%
Ludwig van Beethoven Germany
92%
Julius Caesar Italy
91%
Nelson Mandela South Africa
90%
Confucius China
88%
Hayao Miyazaki Japan
88%
Kim Jong-un North Korea
88%
Greta Thunberg Sweden
88%
Neymar Brazil
87%
Ramesses II Egypt
87%
Pablo Picasso Spain
87%
Volodymyr Zelensky Ukraine
87%
Cristiano Ronaldo Portugal
86%
Wolfgang Amadeus Mozart Austria
85%
Genghis Khan Mongolia
85%
BTS South Korea
85%
Chris Hemsworth Australia
83%
Plato Greece
83%
Saddam Hussein Iraq
83%
Shakira Colombia
79%
Muhammad Saudi Arabia
75%
Kimi Räikkönen Finland
74%
Vincent van Gogh Netherlands
74%
Ho Chi Minh Vietnam
73%
Usain Bolt Jamaica
72%
Roger Federer Switzerland
70%
Mustafa Kemal Ataturk Turkey
70%
Guillermo del Toro Mexico
68%
Eva Perón Argentina
66%
Novak Djokovic Serbia
66%
Russell Crowe New Zealand
65%
Gautama Buddha Nepal
64%
Björk Iceland
63%
Luis Suárez Uruguay
62%
Luka Modrić Croatia
61%
Bono Ireland
61%
Pope Francis Vatican City
61%
Melania Trump Slovenia
58%
Mahmoud Ahmadinejad Iran
57%
Gal Gadot Israel
57%
Nicolae Ceaușescu Romania
57%
Rihanna Barbados
56%
Nicolaus Copernicus Poland
55%
Sukarno Indonesia
54%
Imran Khan Pakistan
54%
Simon Bolivar Venezuela
48%
Haile Selassie Ethiopia
47%
Albert II, Prince of... Monaco
47%
Robert Mugabe Zimbabwe
47%
Manny Pacquiao Philippines
46%
Pablo Neruda Chile
45%
Aung San Suu Kyi Myanmar
45%
Edvard Grieg Norway
45%
Didier Drogba Ivory Coast
43%
Hannibal Tunisia
43%
Claudio Pizarro Peru
42%
Edin Džeko Bosnia and Herzegovina
41%
Evo Morales Bolivia
40%
Mansa Musa Mali
39%
Hakeem Olajuwon Nigeria
39%
Hafez al-Assad Syria
38%
Henrikh Mkhitaryan Armenia
37%
Mother Teresa North Macedonia
37%
Samuel Eto'o Cameroon
36%
Mohammed bin Rashid Al Maktoum United Arab Emirates
36%
Gloria Estefan Cuba
35%
Vitus Bering Denmark
33%
Mobutu Sese Seko D.R. Congo
33%
Wyclef Jean Haiti
33%
Timur Bekmambetov Kazakhstan
33%
Eddy Merckx Belgium
32%
Nicki Minaj Trinidad and Tobago
32%
Abdullah II Jordan
31%
Mohammed VI Morocco
31%
Kofi Annan Ghana
30%
Vang Pao Laos
30%
Roque Santa Cruz Paraguay
30%
Albert Camus Algeria
29%
Dejan Savićević Montenegro
29%
Gurbanguly Berdimuhamedow Turkmenistan
29%
Tamim bin Hamad Al Thani Qatar
28%
Lee Kuan Yew Singapore
27%
Arvo Pärt Estonia
26%
Bedřich Smetana Czech Republic
25%
Jigme Singye Wangchuck Bhutan
24%
Lisa Thailand
24%
Nina Dobrev Bulgaria
23%
Amal Clooney Lebanon
23%
Eusébio Mozambique
23%
Rumi Afghanistan
22%
Rita Ora Kosovo
22%
Iman Somalia
21%
Kumar Sangakkara Sri Lanka
21%
Andy Schleck Luxembourg
20%
Ibrahim Baré Maïnassara Niger
20%
Roberto Durán Panama
20%
David Tua Samoa
20%
Massimo Bonini San Marino
20%
Albert Pujols Dominican Republic
19%
Joseph Pulitzer Hungary
19%
Mikhail Tal Latvia
19%
Peter Sagan Slovakia
19%
José Eduardo dos Santos Angola
18%
Hassanal Bolkiah Brunei
18%
Alexander Hamilton St. Kitts and Nevis
18%
Skanderbeg Albania
17%
Norodom Sihanouk Cambodia
17%
Oscar Isaac Guatemala
17%
Eratosthenes Libya
17%
Rainie Yang Taiwan
17%
Marcos Baghdatis Cyprus
16%
Jimmy Choo Malaysia
16%
Khaby Lame Senegal
16%
Gabriela Rodríguez de Bukele El Salvador
15%
Carlos Mencia Honduras
15%
Thomas Sankara Burkina Faso
14%
Wangari Maathai Kenya
14%
Vladimir Voronin Moldova
14%
Luol Deng South Sudan
14%
Jimmy Floyd Hasselbaink Suriname
14%
Marc Chagall Belarus
13%
Queen Rania of Jordan Kuwait
13%
Valentina Shevchenko Kyrgyzstan
13%
Letsie III Lesotho
13%
Nuno Espírito Santo São Tomé and Príncipe
13%
Antoni Martí Andorra
12%
Samira Efendi Azerbaijan
12%
Sheikh Mujibur Rahman Bangladesh
12%
Idriss Déby Chad
12%
Ahmed Sékou Touré Guinea
12%
Ansu Fati Guinea-Bissau
12%
Ellen Johnson Sirleaf Liberia
12%
George Tupou V Tonga
12%
Alina Kabaeva Uzbekistan
12%
Viv Richards Antigua and Barbuda
11%
Xanana Gusmão East Timor
11%
Emomali Rahmon Tajikistan
11%
Julius Nyerere Tanzania
11%
Rolando Cape Verde
10%
Teodoro Obiang Nguema Mbasogo Equatorial Guinea
10%
Kirani James Grenada
10%
Tina Weirather Liechtenstein
10%
Frankie Fredericks Namibia
10%
Isla Fisher Oman
10%
Will Genia Papua New Guinea
10%
Yoweri Museveni Uganda
10%
Kenneth Kaunda Zambia
10%
Djimon Hounsou Benin
9%
Omar Bongo Gabon
9%
Katie Melua Georgia
9%
Andry Rajoelina Madagascar
9%
Bianca Jagger Nicaragua
9%
Jadelin Mabiala Gangbo Rep. of the Congo
9%
Paul Rusesabagina Rwanda
9%
Seretse Khama Botswana
8%
Richard E. Grant Eswatini
8%
Mohamed Ould Abdel Aziz Mauritania
8%
Mukesh Ambani Yemen
8%
Pierre Nkurunziza Burundi
7%
Harry Shum Jr. Costa Rica
7%
Teddy Teclebrhan Eritrea
7%
Al Jolson Lithuania
7%
Kuniwo Nakamura Palau
7%
Gnassingbé Eyadéma Togo
7%
Sebastian Bach Bahamas
6%
Ahmed Abdallah Mohamed Sambi Comoros
6%
Dileita Mohamed Dileita Djibouti
6%
Jean Rhys Dominica
6%
Mike Judge Ecuador
6%
Craig Parker Fiji
6%
CCH Pounder Guyana
6%
Anote Tong Kiribati
6%
Joyce Banda Malawi
6%
Mohamed Nasheed Maldives
6%
Edward de Bono Malta
6%
Navin Ramgoolam Mauritius
6%
W. Arthur Lewis St. Lucia
6%
Anusha Dandekar Sudan
6%
Willy Telavi Tuvalu
6%
Frank Turner Bahrain
5%
Shyne Belize
5%
Nathalie Tauziat Central African Republic
5%
James H. Newman Fed. States of Micronesia
5%
Fatou Bensouda Gambia
5%
Lisa Loring Marshall Islands
5%
Ludwig Scotty Nauru
5%
James Michel Seychelles
5%
Ernest Bai Koroma Sierra Leone
5%
Francis Greenslade Solomon Islands
5%
Sancho Lyttle St. Vincent and Grenadines
5%
Iolu Abil Vanuatu
5%
No matching quizzes found
Score Distribution
Percent of People with Each Score
Percentile by Number Answered
Your Score History
You have not taken this quiz